00523nam a2200193 a 4500001001300000003000900013005001700022008004100039020001000080082001500090100001700105245005000122260003700172300001000209500003500219505002000254650003800274700001700312nice12345678IN_TiNIC20260116011512.0050524s1954 biha grp 000 0 urd  ac10000a297.8bNAQ aNaqwi, Baqir aDin-E-Haqb Urdu Translation of Al-Muraja`at. aBiharbMudeer Islah Khujwac1954 a416p. aincludes index and biblioraphy2 aNoor Aur Sachai aIslam-Sects-Conflicts-Sunni-Shiah1 aNaqwi, Baqir